Inorganic Chemistry (Record no. 113711)

MARC details
000 -LEADER
fixed length control field 00370nam a2200133Ia 4500
008 - FIXED-LENGTH DATA ELEMENTS--GENERAL INFORMATION
fixed length control field 211119s9999||||xx |||||||||||||| ||und||
082 ## - DEWEY DECIMAL CLASSIFICATION NUMBER
Classification number 546
Item number HUH-I
100 ## - MAIN ENTRY--PERSONAL NAME
Personal name Huheey, James E
245 #0 - TITLE STATEMENT
Title Inorganic Chemistry
260 ## - PUBLICATION, DISTRIBUTION, ETC.
Name of publisher, distributor, etc. Harper & Raw
Place of publication, distribution, etc. 1900
Date of publication, distribution, etc. London
300 ## - PHYSICAL DESCRIPTION
Extent 1000p
650 ## - SUBJECT ADDED ENTRY--TOPICAL TERM
Topical term or geographic name entry element Science
942 ## - ADDED ENTRY ELEMENTS (KOHA)
Koha item type BOOK
650 ## - SUBJECT ADDED ENTRY--TOPICAL TERM
Form subdivision Inorganic chemistryChemistry
General subdivision Post Graduate Reference
Holdings
Withdrawn status Lost status Damaged status Not for loan Home library Current library Date acquired Cost, normal purchase price Total Checkouts Full call number Barcode Shelving location Date last seen Price effective from Koha item type
        SB LIBRARY SB LIBRARY 19/11/2021 100.00   546 HUH-I 00127169 POST GRADUATE REFERENCE 19/11/2021 19/11/2021 BOOK

Powered by Koha